| 000 | 00591nam a22001937a 4500 | ||
|---|---|---|---|
| 003 | OSt | ||
| 005 | 20160616130259.0 | ||
| 008 | 160616b xxu||||| |||| 00| 0 eng d | ||
| 020 | _a9780470758823 | ||
| 040 | _cDNLM. | ||
| 082 | _aQV 744 5371 2008. | ||
| 100 |
_aSegalstad,H.Siri; _99412 |
||
| 245 |
_aInternational IT Regulations and Compliance. _bQuality standards in the Pharmaceutical and Regulated industries. |
||
| 260 |
_aUK. _bJohn Wiley &Sons Ltd. _c2008. |
||
| 300 |
_axi,324p; _bcol,ill; _c24cm. |
||
| 504 | _aincludes index. | ||
| 650 |
_aPharmacology. _9357 |
||
| 942 |
_2z _cO_SHELF |
||
| 999 |
_c4369 _d4369 |
||